[Event "Oslo Chess International - Håvard Vederhus' memorial"]
[Site "Ullevaal Stadion"]
[Date "2013.09.29"]
[Round "6"]
[White "Turov, Maxim"]
[Black "Agdestein, Simen"]
[Result "0-1"]
[WhiteElo "2586"]
[BlackElo "2595"]
[PlyCount "186"]
[EventDate "2013.??.??"]

1. d4 Nf6 2. c4 e6 3. Nc3 d5 4. cxd5 exd5 5. Bg5 Bb4 6. e3 h6 7. Bh4 g5 8. Bg3
Ne4 9. Qa4+ Nc6 10. Bb5 Bxc3+ 11. bxc3 Bd7 12. Ne2 a6 13. Bxc6 Bxc6 14. Qa3 Qd7
15. f3 Nxg3 16. hxg3 Bb5 17. g4 f5 18. gxf5 Qxf5 19. Qb2 O-O-O 20. Ng3 Qg6 21.
O-O-O Rde8 22. e4 g4 23. Qf2 h5 24. Rde1 Bc4 25. Nf5 Bd3 26. fxg4 Bxe4 27. Rxh5
Rxh5 28. gxh5 Qg5+ 29. Kb2 Re6 30. Ne3 Qxh5 31. Ka1 b6 32. Kb2 Qe8 33. Qd2 a5
34. Ng4 Rg6 35. Ne3 Qb5+ 36. Ka1 a4 37. Qe2 Qa5 38. Qd2 a3 39. Nc4 Qb5 40. Nxa3
Qa4 41. Kb2 Rxg2 42. Re2 Rg8 43. Qe1 Rg4 44. Rf2 Kb7 45. Qf1 Rh4 46. Qb5 Qd1
47. Qe2 Qg1 48. Qf1 Qg3 49. Re2 Rf4 50. Qe1 Qg6 51. Qd2 Rg4 52. Nc2 Bd3 53. Rf2
Rg1 54. Ne1 Be4 55. Nc2 Qc6 56. Na3 Rg8 57. Qd1 Rg3 58. Qe1 Rh3 59. Re2 Rh1 60.
Qd2 Qa4 61. Re1 Rh8 62. Nc2 Qb5+ 63. Ka1 Rg8 64. Ne3 Ra8 65. Rc1 Qd7 66. Qe2
Rg8 67. Qf2 Qd6 68. Qd2 Rg3 69. Re1 Qf4 70. Nf1 Qxd2 71. Nxd2 Bd3 72. Kb2 Rg2
73. Kc1 Ka6 74. Re7 c6 75. Re3 Bg6 76. Re6 Kb7 77. Re7+ Ka6 78. Re6 Kb5 79. a4+
Kxa4 80. Rxc6 Ka3 81. Kd1 Bd3 82. Ke1 b5 83. Nf3 Kb2 84. Ne5 Bc4 85. Nxc4+ bxc4
86. Rc5 Kxc3 87. Rxd5 Kd3 88. Rc5 c3 89. d5 Re2+ 90. Kf1 Re5 91. Kf2 c2 92. Kf3
Re1 93. Kf4 Re4+
0-1

[Event "Oslo Chess International - Håvard Vederhus' memorial"]
[Site "Ullevaal Stadion"]
[Date "2013.09.29"]
[Round "6"]
[White "Nagarajan, Raghavi"]
[Black "Solodovnichenko, Yuri"]
[Result "0-1"]
[WhiteElo "2174"]
[BlackElo "2577"]
[PlyCount "66"]
[EventDate "2013.??.??"]

1. e4 c5 2. Nf3 d6 3. Bb5+ Nd7 4. d4 Ngf6 5. O-O a6 6. Bxd7+ Nxd7 7. Nc3 e6 8.
d5 Nf6 9. dxe6 Bxe6 10. Bg5 h6 11. Bxf6 Qxf6 12. Nd5 Bxd5 13. Qxd5 O-O-O 14.
Nd2 Qe6 15. Nc4 Kc7 16. Rfd1 Be7 17. Na5 Qxd5 18. Rxd5 Bf6 19. c3 Rhe8 20. f3
b5 21. Rad1 c4 22. a4 Re5 23. R5d2 Re6 24. Rc2 Kb6 25. b4 d5 26. axb5 axb5 27.
Kf2 dxe4 28. Rxd8 e3+ 29. Ke2 Bxd8 30. Rc1 Bf6 31. Rd1 Bxc3 32. Rd7 Bxb4 33.
Nb7 Re7
0-1

[Event "Oslo Chess International - Håvard Vederhus' memorial"]
[Site "Ullevaal Stadion"]
[Date "2013.09.29"]
[Round "6"]
[White "Adhiban, Baskaran"]
[Black "Svane, Rasmus"]
[Result "1/2-1/2"]
[WhiteElo "2567"]
[BlackElo "2445"]
[PlyCount "55"]
[EventDate "2013.??.??"]

1. e4 e6 2. d4 d5 3. Nc3 Nf6 4. Bg5 Be7 5. e5 Nfd7 6. Bxe7 Qxe7 7. f4 a6 8. Qh5
c5 9. Nf3 Nc6 10. O-O-O cxd4 11. Nxd4 Nxd4 12. Rxd4 Qc5 13. Rd2 Nb6 14. Qg5 O-O
15. Bd3 Bd7 16. Qh4 g6 17. Qg5 Bb5 18. h4 Bxd3 19. Rxd3 Rac8 20. h5 d4 21. hxg6
fxg6 22. Rxh7 Kxh7 23. Rh3+ Kg7 24. Rh6 Kf7 25. Qxg6+ Ke7 26. Rh7+ Kd8 27. Qg5+
Ke8 28. Qg6+
1/2-1/2

[Event "Oslo Chess International - Håvard Vederhus' memorial"]
[Site "Ullevaal Stadion"]
[Date "2013.09.29"]
[Round "6"]
[White "Lie, Espen"]
[Black "Donchenko, Alexander"]
[Result "1-0"]
[WhiteElo "2455"]
[BlackElo "2467"]
[PlyCount "51"]
[EventDate "2013.??.??"]

1. c4 e6 2. g3 d5 3. Bg2 Nf6 4. Nf3 dxc4 5. O-O c6 6. a4 Na6 7. Qc2 Bd6 8. Na3
Nb4 9. Qxc4 O-O 10. d4 b6 11. Qb3 Bb7 12. Nc4 Be7 13. Rd1 b5 14. Nce5 Qb6 15.
a5 Qa6 16. Bd2 Nbd5 17. Nd3 Nd7 18. e4 N5f6 19. Bb4 c5 20. dxc5 Bxe4 21. c6
Qxc6 22. Nd4 Qb7 23. Bxe4 Qxe4 24. Bxe7 Qxd4 25. Bxf8 Rxf8 26. Qxb5
1-0

[Event "Oslo Chess International - Håvard Vederhus' memorial"]
[Site "Ullevaal Stadion"]
[Date "2013.09.29"]
[Round "6"]
[White "Nijs, Nils"]
[Black "Trent, Lawrence"]
[Result "1-0"]
[WhiteElo "2298"]
[BlackElo "2440"]
[PlyCount "121"]
[EventDate "2013.??.??"]

1. d4 g6 2. Nf3 Bg7 3. c3 d6 4. e4 Nf6 5. Bd3 O-O 6. O-O c5 7. h3 Nc6 8. d5 Ne5
9. Nxe5 dxe5 10. Be3 c4 11. Bc2 Ne8 12. b3 Nd6 13. Nd2 cxb3 14. axb3 f5 15. f3
f4 16. Bf2 g5 17. c4 h5 18. Bd3 Rf6 19. c5 Nf7 20. Nc4 Rg6 21. Be2 Bd7 22. c6
bxc6 23. dxc6 Bxc6 24. Qxd8+ Nxd8 25. Rxa7 Rxa7 26. Bxa7 g4 27. hxg4 hxg4 28.
Kf2 g3+ 29. Ke1 Bb7 30. Na5 Bc8 31. Kd2 Rd6+ 32. Kc3 Ne6 33. b4 Nd4 34. Bc4+ e6
35. Bc5 Rd7 36. Nb3 Kf7 37. Nxd4 exd4+ 38. Kd3 Rc7 39. Ra1 Ke8 40. Bxd4 Bf8 41.
b5 Rd7 42. Kc3 Bb4+ 43. Kxb4 Rxd4 44. Kc3 Rd6 45. e5 Rb6 46. Kb4 Rb7 47. Ra8
Kd7 48. Bxe6+ Kxe6 49. Rxc8 Ra7 50. Rc2 Ra1 51. b6 Kd5 52. Kb5 Rb1+ 53. Ka6
Kxe5 54. Rd2 Ra1+ 55. Kb7 Rb1 56. Kc7 Rc1+ 57. Kb8 Rb1 58. b7 Rb3 59. Rc2 Kd4
60. Kc8 Kd3 61. Rc6
1-0

[Event "Oslo Chess International - Håvard Vederhus' memorial"]
[Site "Ullevaal Stadion"]
[Date "2013.09.29"]
[Round "6"]
[White "Lampert, Jonas"]
[Black "Schoellmann, Jochen"]
[Result "1-0"]
[WhiteElo "2376"]
[BlackElo "2268"]
[PlyCount "75"]
[EventDate "2013.??.??"]

1. d4 d5 2. c4 c6 3. Nf3 Nf6 4. e3 Bg4 5. h3 Bxf3 6. Qxf3 e6 7. Bd3 Nbd7 8. O-O
Bd6 9. Nd2 O-O 10. e4 e5 11. cxd5 exd4 12. Nc4 cxd5 13. exd5 Ne5 14. Nxe5 Bxe5
15. Bc4 Qd6 16. Qb3 Qc7 17. Bd2 Ne4 18. Bb4 Bh2+ 19. Kh1 Bd6 20. Rad1 Nc5 21.
Qf3 Be5 22. Rfe1 Bf6 23. Rc1 b6 24. Bb5 Qd6 25. Bc6 Rac8 26. Bd2 a5 27. Bf4 Qd8
28. d6 Bg5 29. Bxg5 Qxg5 30. Rcd1 d3 31. d7 Rcd8 32. Re8 Nxd7 33. Rxd8 Rxd8 34.
Qxd3 Qc5 35. Bxd7 Qxf2 36. Qd4 Qxd4 37. Rxd4 g6 38. Rd3
1-0

[Event "Oslo Chess International - Håvard Vederhus' memorial"]
[Site "Ullevaal Stadion"]
[Date "2013.09.29"]
[Round "6"]
[White "Devereaux, Maxim L"]
[Black "Martinsen, Stig K."]
[Result "1-0"]
[WhiteElo "2369"]
[BlackElo "2134"]
[PlyCount "75"]
[EventDate "2013.??.??"]

1. d4 d6 2. e4 Nf6 3. Nc3 g6 4. Bg5 c6 5. Qd2 b5 6. Bd3 Bg7 7. f4 O-O 8. Nf3
Bg4 9. O-O Qb6 10. Ne2 c5 11. c3 cxd4 12. cxd4 Nc6 13. Kh1 Bxf3 14. gxf3 Nxd4
15. e5 Nxe2 16. Qxe2 Nh5 17. Bxe7 Rfe8 18. exd6 Nxf4 19. Qe4 Nxd3 20. Qxd3 Bf8
21. Bxf8 Kxf8 22. Rad1 Rad8 23. Qc3 Kg8 24. d7 Re6 25. Rfe1 h5 26. Qc8 Kh7 27.
Rxe6 fxe6 28. Kg2 Kg7 29. Qc3+ Kf7 30. Qe5 Qc6 31. Qf4+ Kg7 32. Rd6 Qc2+ 33.
Kg3 Qxb2 34. Rd4 Qc2 35. Qe5+ Kh7 36. Qxe6 Qc7+ 37. Rd6 Kh8 38. Qf6+
1-0

[Event "Oslo Chess International - Håvard Vederhus' memorial"]
[Site "Ullevaal Stadion"]
[Date "2013.09.29"]
[Round "6"]
[White "Mirzoeva, Elmira"]
[Black "Schmitz, Thorsten"]
[Result "0-1"]
[WhiteElo "2215"]
[BlackElo "2322"]
[PlyCount "62"]
[EventDate "2013.??.??"]

1. d4 Nf6 2. c4 g6 3. Nc3 Bg7 4. e4 d6 5. Nf3 O-O 6. h3 e5 7. d5 Nh5 8. g3 f5
9. exf5 gxf5 10. Ng5 Nf6 11. g4 f4 12. Bd3 e4 13. Ngxe4 Nxe4 14. Nxe4 Qh4 15.
Kd2 Nd7 16. Kc2 Ne5 17. Rb1 Bd7 18. b3 c6 19. Bb2 cxd5 20. cxd5 Rac8+ 21. Kd2
Nxd3 22. Kxd3 Bb5+ 23. Kd2 Rfe8 24. Qe1 Rxe4 25. Qxe4 Qxf2+ 26. Kd1 Re8 27.
Qxe8+ Bxe8 28. Bxg7 Kxg7 29. Re1 Qd4+ 30. Ke2 Qe3+ 31. Kf1 Bb5+
0-1

[Event "Oslo Chess International - Håvard Vederhus' memorial"]
[Site "Ullevaal Stadion"]
[Date "2013.09.29"]
[Round "6"]
[White "Lundin, Jan"]
[Black "Røyset, Pål"]
[Result "1/2-1/2"]
[WhiteElo "2285"]
[BlackElo "2179"]
[PlyCount "96"]
[EventDate "2013.??.??"]

1. Nf3 Nf6 2. d4 b5 3. Bg5 Ne4 4. Bh4 Bb7 5. e3 a6 6. Be2 g6 7. O-O Bg7 8. c3
O-O 9. a4 c6 10. Nbd2 Nxd2 11. Nxd2 d6 12. Bf3 Qc7 13. Nb3 f6 14. d5 c5 15.
axb5 axb5 16. Rxa8 Bxa8 17. Qa1 Nd7 18. Bg3 Nb6 19. Rd1 Na4 20. Nc1 f5 21. h4
Bb7 22. Ne2 Ra8 23. Qb1 Qb6 24. e4 Rf8 25. h5 Bc8 26. hxg6 hxg6 27. exf5 gxf5
28. Qc2 c4 29. Nf4 Be5 30. Nh5 Bxg3 31. Nxg3 Nc5 32. Re1 Rf7 33. Bh5 Nd3 34.
Bxf7+ Kxf7 35. Rd1 Qa7 36. Rxd3 cxd3 37. Qxd3 Qa1+ 38. Kh2 Qxb2 39. Qd4 b4 40.
Qxb4 Qxf2 41. Qh4 Ke8 42. Qh8+ Kd7 43. Qf8 f4 44. Nf5 Qe1 45. Nd4 Qg3+ 46. Kh1
Qe1+ 47. Kh2 Qg3+ 48. Kg1 Qe1+
1/2-1/2

[Event "Oslo Chess International - Håvard Vederhus' memorial"]
[Site "Ullevaal Stadion"]
[Date "2013.09.29"]
[Round "6"]
[White "Persson, Mats"]
[Black "Strand, Håkon"]
[Result "1-0"]
[WhiteElo "2238"]
[BlackElo "2151"]
[PlyCount "106"]
[EventDate "2013.??.??"]

1. d4 Nf6 2. Nf3 e6 3. g3 b5 4. Bg2 Bb7 5. O-O c5 6. c3 cxd4 7. cxd4 Be7 8. a4
b4 9. Bg5 O-O 10. Nbd2 a5 11. Re1 d6 12. e4 Nbd7 13. e5 dxe5 14. dxe5 Nd5 15.
Bxe7 Qxe7 16. Ne4 Rfd8 17. Qd4 Ba6 18. Rac1 Rac8 19. Qa7 Ra8 20. Qd4 Rac8 21.
Nfd2 Rxc1 22. Rxc1 f5 23. exf6 N7xf6 24. Qe5 Ng4 25. Qh5 Ngf6 26. Qg5 h6 27.
Qg6 Nxe4 28. Nxe4 Nf6 29. Bh3 Nxe4 30. Qxe4 e5 31. Qg6 Qf6 32. Be6+ Kf8 33.
Qxf6+ gxf6 34. Rc7 Rd6 35. Bf5 b3 36. Ra7 Be2 37. Kg2 Rd2 38. Rxa5 Rxb2 39.
Ra8+ Ke7 40. Rb8 Bd1 41. Rb4 Bc2 42. g4 Kd6 43. Kf3 Bxf5 44. gxf5 Kc5 45. Rb8
Rb1 46. a5 Kc4 47. a6 Ra1 48. Rb6 Ra5 49. Ke2 Kc3 50. Rxf6 b2 51. Rb6 e4 52. f6
b1=Q 53. Rxb1 Rxa6
1-0

[Event "Oslo Chess International - Håvard Vederhus' memorial"]
[Site "Ullevaal Stadion"]
[Date "2013.09.29"]
[Round "6"]
[White "Dolzhikova, Olga"]
[Black "Grønnestad, Anita"]
[Result "1-0"]
[WhiteElo "2237"]
[BlackElo "1995"]
[PlyCount "83"]
[EventDate "2013.??.??"]

1. e4 c5 2. c3 e6 3. d4 d5 4. e5 Nc6 5. Nf3 Qb6 6. a3 Bd7 7. b4 cxd4 8. cxd4
Nge7 9. Be3 Nf5 10. Bd3 Nxe3 11. fxe3 Be7 12. O-O Rc8 13. Kh1 a6 14. Nbd2 Na7
15. Re1 Rc3 16. Nb1 Rc8 17. e4 dxe4 18. Bxe4 Bc6 19. Nc3 Bxe4 20. Nxe4 O-O 21.
Qd2 Nc6 22. Qf4 Qd8 23. Qg4 h6 24. Rad1 Kh7 25. Ng3 g6 26. Ne2 Na7 27. Nf4 Rc4
28. Rc1 Qc8 29. Rxc4 Qxc4 30. h4 Nb5 31. d5 h5 32. Qg3 exd5 33. e6 Qc2 34. exf7
Rxf7 35. Ne5 Rg7 36. Nxd5 Bd8 37. Nf4 Nxa3 38. Ne6 Rg8 39. Nxd8 Rxd8 40. Qxa3
Rd4 41. Qg3 Rxb4 42. Qg5
1-0

[Event "Oslo Chess International - Håvard Vederhus' memorial"]
[Site "Ullevaal Stadion"]
[Date "2013.09.29"]
[Round "6"]
[White "Lillevold, Frode"]
[Black "Vea, Odin Blikra"]
[Result "1/2-1/2"]
[WhiteElo "2161"]
[BlackElo "2226"]
[PlyCount "110"]
[EventDate "2013.??.??"]

1. d4 Nf6 2. c4 g6 3. Nc3 Bg7 4. e4 d6 5. f3 O-O 6. Be3 c5 7. dxc5 dxc5 8. Qxd8
Rxd8 9. Bxc5 Nc6 10. Nge2 Nd7 11. Bf2 Nde5 12. Nf4 b6 13. Rd1 Ba6 14. c5 Bxf1
15. Rxf1 Nc4 16. cxb6 Nxb2 17. Rxd8+ Rxd8 18. Ncd5 e6 19. Bh4 Rb8 20. bxa7 Nxa7
21. Nf6+ Kh8 22. Rf2 h6 23. Rd2 g5 24. N4h5 gxh4 25. Rd7 Bxf6 26. Nxf6 Kg7 27.
Nh5+ Kg6 28. Nf4+ Kg5 29. Nh3+ Kf6 30. Rxa7 Nc4 31. Nf4 Rb2 32. a4 Ra2 33. Ne2
Ne3 34. Kf2 Nxg2 35. Kxg2 Rxe2+ 36. Kh3 Rf2 37. Kxh4 Rxf3 38. Kg4 Rf2 39. h4 e5
40. Ra6+ Kg7 41. Kh5 Rf4 42. Rxh6 Rxe4 43. Ra6 Rf4 44. a5 Rf1 45. Rb6 e4 46. a6
Ra1 47. Kg4 e3 48. Kf3 Ra3 49. h5 f5 50. h6+ Kh7 51. Re6 f4 52. Kxf4 e2 53.
Rxe2 Rxa6 54. Rh2 Rxh6 55. Rxh6+ Kxh6
1/2-1/2

[Event "Oslo Chess International - Håvard Vederhus' memorial"]
[Site "Ullevaal Stadion"]
[Date "2013.09.29"]
[Round "6"]
[White "Andersen, Alf Roger"]
[Black "Koskela, Niina"]
[Result "1-0"]
[WhiteElo "2207"]
[BlackElo "2220"]
[PlyCount "119"]
[EventDate "2013.??.??"]

1. e4 e5 2. Nf3 Nc6 3. d4 exd4 4. Nxd4 Nf6 5. Nxc6 bxc6 6. e5 Qe7 7. Qe2 Nd5 8.
c4 Ba6 9. g3 g5 10. h4 gxh4 11. Rxh4 O-O-O 12. b3 Bg7 13. Bb2 Rde8 14. Re4 Qb4+
15. Qd2 f5 16. Re2 Qxd2+ 17. Kxd2 Ne7 18. Nc3 h5 19. Na4 Kd8 20. Nc5 Bc8 21.
Rd1 Ng6 22. f4 Bf8 23. Nd3 Rh7 24. Kc2 h4 25. gxh4 Nxh4 26. e6 d6 27. Ne5 Bxe6
28. Nxc6+ Kd7 29. Nd4 Bg7 30. Rh2 Bg8 31. Bd3 Rh6 32. Rdh1 Bxd4 33. Bxd4 Nf3
34. Rxh6 Nxd4+ 35. Kc3 c5 36. Rg1 Be6 37. Rg7+ Re7 38. Rhh7 Nc6 39. a3 a5 40.
Bc2 Kd8 41. Bd1 Rxg7 42. Rxg7 Bd7 43. Rg8+ Kc7 44. Bc2 Nd4 45. Bd3 Nc6 46. Rf8
Nd4 47. Rf6 Be6 48. b4 axb4+ 49. axb4 Bd7 50. b5 Be6 51. Rf8 Kb6 52. Re8 d5 53.
Rb8+ Kc7 54. Rf8 dxc4 55. Bxc4 Bd7 56. Rf7 Kd6 57. b6 Nc6 58. Bb5 Nb8 59. Bxd7
Nxd7 60. b7
1-0

[Event "Oslo Chess International - Håvard Vederhus' memorial"]
[Site "Ullevaal Stadion"]
[Date "2013.09.29"]
[Round "6"]
[White "Bjerke, Richard"]
[Black "Kvisla, Johannes"]
[Result "1-0"]
[WhiteElo "2173"]
[BlackElo "2157"]
[PlyCount "123"]
[EventDate "2013.??.??"]

1. e4 c5 2. Nf3 d6 3. d4 cxd4 4. Nxd4 Nf6 5. Nc3 a6 6. Be2 e5 7. Nb3 Be7 8. O-O
Be6 9. Re1 Nbd7 10. Bf3 Rc8 11. Nd5 Nxd5 12. exd5 Bf5 13. c3 O-O 14. a4 Bg5 15.
Bxg5 Qxg5 16. Na5 Nc5 17. Re3 e4 18. Be2 Rc7 19. Nc4 Bg6 20. Rg3 Qe7 21. f4 f5
22. Ne3 Qh4 23. Qf1 Be8 24. Rg5 g6 25. a5 Qh6 26. Nc4 Rf6 27. Ne3 Qg7 28. Qd1
Rf8 29. Rg3 Qf6 30. Nc2 Ba4 31. b4 Bxc2 32. Qxc2 Nd7 33. Rd1 Rfc8 34. c4 Kf8
35. Rc3 Kg7 36. Qd2 b5 37. axb6 Nxb6 38. Rdc1 a5 39. bxa5 Na4 40. Ra3 Nc5 41.
Qc3 Ra7 42. Qxf6+ Kxf6 43. Rb1 Rca8 44. Rb6 Ke7 45. Rb5 Kd7 46. g4 fxg4 47.
Bxg4+ Ke7 48. Kf2 Nb7 49. Ke3 Nxa5 50. Kd4 h5 51. Bh3 Nb7 52. Rxb7+ Rxb7 53.
Rxa8 Rb3 54. Bg2 Rb2 55. Bxe4 Rxh2 56. Bxg6 h4 57. Re8+ Kd7 58. Rh8 Ke7 59. c5
dxc5+ 60. Kxc5 Kf6 61. Be4 h3 62. d6
1-0

[Event "Oslo Chess International - Håvard Vederhus' memorial"]
[Site "Ullevaal Stadion"]
[Date "2013.09.29"]
[Round "7"]
[White "Istratescu, Andrei"]
[Black "Narciso Dublan, Marc"]
[Result "1-0"]
[WhiteElo "2646"]
[BlackElo "2509"]
[PlyCount "131"]
[EventDate "2013.??.??"]

1. d4 e6 2. Nf3 f5 3. d5 exd5 4. Qxd5 d6 5. Nc3 Nf6 6. Qc4 d5 7. Qh4 Be7 8. Bg5
c6 9. O-O-O Nbd7 10. e3 Nc5 11. Bd3 O-O 12. Nd4 h6 13. Bxf6 Bxf6 14. Qh5 Qe7
15. Nce2 Ne4 16. Bxe4 fxe4 17. Nf4 Qf7 18. Rhf1 Qxh5 19. Nxh5 Bg5 20. Ng3 Bg4
21. Rde1 Rae8 22. Nb3 Re7 23. h3 Bc8 24. c4 Ref7 25. cxd5 cxd5 26. Nh1 b6 27.
Nd4 Ba6 28. Rg1 Bh4 29. g3 Be7 30. a3 Bf6 31. Kd2 Bxd4 32. exd4 Rf3 33. Re3
Rxe3 34. fxe3 Bf1 35. h4 Rf3 36. g4 Bd3 37. Rg2 g5 38. hxg5 hxg5 39. Ng3 Kf7
40. Nf5 Rh3 41. Rf2 Ke6 42. Ng7+ Ke7 43. Rf5 Rh2+ 44. Kc3 Rc2+ 45. Kb3 Rg2 46.
Rxd5 Rxg4 47. Re5+ Kf7 48. Nf5 Kf6 49. Nd6 Rh4 50. Kc3 a5 51. a4 Rh6 52. Ne8+
Kf7 53. d5 Rh8 54. Nd6+ Kg6 55. Nxe4 Bxe4 56. Rxe4 Kf5 57. Kd4 g4 58. Rf4+ Kg5
59. d6 g3 60. Rf1 Kg4 61. Kd5 g2 62. Rg1 Kf3 63. d7 Rh1 64. Rxg2 Kxg2 65. e4
Kf3 66. e5
1-0

[Event "Oslo Chess International - Håvard Vederhus' memorial"]
[Site "Ullevaal Stadion"]
[Date "2013.09.29"]
[Round "7"]
[White "Postny, Evgeny"]
[Black "Rozentalis, Eduardas"]
[Result "1-0"]
[WhiteElo "2628"]
[BlackElo "2614"]
[PlyCount "129"]
[EventDate "2013.??.??"]

1. d4 Nf6 2. c4 e6 3. Nf3 b6 4. g3 Bb7 5. Bg2 Be7 6. O-O O-O 7. Re1 a5 8. Bf4
d6 9. Qd3 Be4 10. Qe3 Bb7 11. Nc3 Nh5 12. Bg5 Bxg5 13. Nxg5 Bxg2 14. Kxg2 Nd7
15. Nf3 Re8 16. Rad1 Nhf6 17. Qd3 Qc8 18. e4 Qb7 19. Qc2 e5 20. d5 Nc5 21. b3
c6 22. Nh4 g6 23. Kg1 cxd5 24. Nxd5 Nxd5 25. Rxd5 Rad8 26. Ng2 b5 27. cxb5 Qxb5
28. Ne3 Qb4 29. Red1 Ne6 30. Qc4 Ng5 31. Rb5 Qxc4 32. Nxc4 a4 33. Rxd6 axb3 34.
axb3 Rb8 35. Rdd5 f6 36. Nd2 Rxb5 37. Rxb5 Rc8 38. h4 Ne6 39. Rb6 Kf7 40. Nc4
Rd8 41. Rb7+ Kg8 42. b4 Rd4 43. Ne3 Rxe4 44. Nd5 Re1+ 45. Kg2 f5 46. Re7 Nd4
47. Nf6+ Kf8 48. Rxe5 Rb1 49. Nxh7+ Kg8 50. Nf6+ Kf7 51. Nd5 Nc6 52. Re2 Rb3
53. Rc2 Ne5 54. Rc7+ Ke6 55. Nf4+ Kf6 56. Rc5 Ng4 57. b5 Rb2 58. Nd3 Rb3 59.
Rd5 Kg7 60. Ne5 Nf6 61. Rc5 Ne4 62. Rc7+ Kh6 63. Nf7+ Kh5 64. Rc8 g5 65. Rc6
1-0

[Event "Oslo Chess International - Håvard Vederhus' memorial"]
[Site "Ullevaal Stadion"]
[Date "2013.09.29"]
[Round "7"]
[White "Agdestein, Simen"]
[Black "Bok, Benjamin"]
[Result "1/2-1/2"]
[WhiteElo "2595"]
[BlackElo "2520"]
[PlyCount "57"]
[EventDate "2013.??.??"]

1. d4 Nf6 2. c4 g6 3. Nc3 d5 4. Nf3 Bg7 5. h4 dxc4 6. e4 O-O 7. e5 Ng4 8. Bf4
c5 9. d5 Nd7 10. Qe2 Qc7 11. Nb5 Qa5+ 12. Nc3 b5 13. h5 b4 14. Nd1 Nb6 15. hxg6
fxg6 16. g3 Nxd5 17. Qe4 Nxf4 18. Bxc4+ Kh8 19. Qxa8 b3+ 20. Nc3 Qb4 21. Ng5
Qxc4 22. gxf4 Qxf4 23. Rxh7+ Kg8 24. Qd5+ e6 25. Qxe6+ Bxe6 26. Rxg7+ Kh8 27.
Rh7+ Kg8 28. Rg7+ Kh8 29. Rh7+
1/2-1/2

[Event "Oslo Chess International - Håvard Vederhus' memorial"]
[Site "Ullevaal Stadion"]
[Date "2013.09.29"]
[Round "7"]
[White "Johannessen, Leif E"]
[Black "Turov, Maxim"]
[Result "1/2-1/2"]
[WhiteElo "2519"]
[BlackElo "2586"]
[PlyCount "37"]
[EventDate "2013.??.??"]

1. d4 Nf6 2. c4 g6 3. Nc3 d5 4. Bg5 Bg7 5. Bxf6 Bxf6 6. cxd5 c6 7. Rc1 O-O 8.
dxc6 Bxd4 9. c7 Bxc3+ 10. Rxc3 Qxd1+ 11. Kxd1 Nc6 12. e4 Bg4+ 13. Be2 Bxe2+ 14.
Kxe2 Rac8 15. Nf3 Rxc7 16. Rd1 f6 17. Ke3 Rfc8 18. a3 Kf7 19. Kf4
1/2-1/2

[Event "Oslo Chess International - Håvard Vederhus' memorial"]
[Site "Ullevaal Stadion"]
[Date "2013.09.29"]
[Round "7"]
[White "Solodovnichenko, Yuri"]
[Black "Andersen, Mads"]
[Result "1/2-1/2"]
[WhiteElo "2577"]
[BlackElo "2479"]
[PlyCount "103"]
[EventDate "2013.??.??"]

1. e4 e5 2. Nf3 Nc6 3. Bb5 Nf6 4. O-O Nxe4 5. d4 Nd6 6. Bxc6 dxc6 7. dxe5 Nf5
8. Qxd8+ Kxd8 9. Nc3 Ke8 10. a3 Be7 11. g4 Nh4 12. Nxh4 Bxh4 13. h3 h5 14. f3
Be6 15. Kg2 Rd8 16. Bf4 Rd4 17. Be3 Rd7 18. Rad1 b6 19. Bf4 c5 20. Bg3 Be7 21.
Rfe1 Kd8 22. Ne2 Kc8 23. Rxd7 Bxd7 24. Nf4 hxg4 25. hxg4 Bg5 26. e6 fxe6 27.
Nxe6 Bf6 28. b3 Re8 29. Nf4 Rxe1 30. Bxe1 Bb2 31. a4 c4 32. a5 Be5 33. Ne2 cxb3
34. cxb3 bxa5 35. Bxa5 Be6 36. Nc1 Bd4 37. Bd2 c5 38. b4 cxb4 39. Bxb4 Bc4 40.
Bd2 Bb2 41. f4 a5 42. Bxa5 Bxc1 43. Bc3 g6 44. Kg3 Kd7 45. Bf6 Ke6 46. Bg5 Kd5
47. Kh4 Be3 48. f5 Bf2+ 49. Kh3 Bf1+ 50. Kh2 Ke4 51. fxg6 Kf3 52. Be7
1/2-1/2

[Event "Oslo Chess International - Håvard Vederhus' memorial"]
[Site "Ullevaal Stadion"]
[Date "2013.09.29"]
[Round "7"]
[White "Vaarala, Eric"]
[Black "Adhiban, Baskaran"]
[Result "1/2-1/2"]
[WhiteElo "2289"]
[BlackElo "2567"]
[PlyCount "84"]
[EventDate "2013.??.??"]

1. c4 e5 2. Nc3 Bb4 3. g3 Bxc3 4. dxc3 d6 5. Bg2 Nc6 6. c5 Nge7 7. cxd6 cxd6 8.
e4 O-O 9. Nf3 h6 10. O-O Be6 11. b3 Qd7 12. Ba3 Rad8 13. Qe2 Bh3 14. Rfd1 Bxg2
15. Kxg2 Qe6 16. Qc4 Qxc4 17. bxc4 Nc8 18. c5 dxc5 19. Bxc5 Rfe8 20. Rd5 Rxd5
21. exd5 Nb8 22. a4 Nd7 23. Be3 f5 24. h4 Ncb6 25. Rb1 Nxd5 26. Rxb7 Nxe3+ 27.
fxe3 Nf6 28. Rxa7 Ng4 29. a5 Rb8 30. a6 Rb6 31. Ra8+ Kf7 32. a7 Ra6 33. h5 Ra2+
34. Kf1 e4 35. Nh4 Nxe3+ 36. Kg1 Ra1+ 37. Kf2 Nd1+ 38. Kg2 Ne3+ 39. Kf2 Nd1+
40. Kg2 Ne3+ 41. Kf2 Nd1+ 42. Kg2 Ne3+
1/2-1/2

[Event "Oslo Chess International - Håvard Vederhus' memorial"]
[Site "Ullevaal Stadion"]
[Date "2013.09.29"]
[Round "7"]
[White "Svane, Rasmus"]
[Black "Nijs, Nils"]
[Result "1/2-1/2"]
[WhiteElo "2445"]
[BlackElo "2298"]
[PlyCount "144"]
[EventDate "2013.??.??"]

1. d4 d5 2. c4 e6 3. Nc3 c6 4. e3 Bd6 5. Bd3 f5 6. Nge2 Nf6 7. f3 O-O 8. O-O b6
9. Qc2 a6 10. Bd2 Qc7 11. h3 c5 12. b3 Nc6 13. cxd5 Nb4 14. Qb1 cxd4 15. Nxd4
Nfxd5 16. Nxd5 Nxd5 17. Bc4 Qb7 18. a4 f4 19. Qe4 Nxe3 20. Qxb7 Bxb7 21. Bxe3
fxe3 22. Nxe6 b5 23. axb5 axb5 24. Bxb5 Rfb8 25. Bc4 Kh8 26. Rxa8 Rxa8 27. Rd1
Bg3 28. Rd8+ Rxd8 29. Nxd8 Bd5 30. Kf1 Bc7 31. Bxd5 Bxd8 32. Ke2 Bb6 33. f4 g6
34. Kf3 h5 35. g4 hxg4+ 36. hxg4 Bc5 37. Bc4 Kg7 38. Ke4 Kf6 39. Kd5 Bb4 40.
Kd4 Bd2 41. Ke4 Kg7 42. Be2 Kf6 43. Kd5 Ba5 44. Kd4 Bd2 45. Kc4 Be1 46. Kd3 Bd2
47. Ke4 Ke6 48. Bd3 Kf6 49. Kf3 Kg7 50. f5 gxf5 51. Bxf5 Kf6 52. Bd3 Ke5 53.
Be2 Kd5 54. Ba6 Ke5 55. Bc4 Kd4 56. Be2 Kd5 57. Bd1 Ke5 58. Kg3 Be1+ 59. Kh3
Ke4 60. Be2 Kf4 61. Bd3 Kg5 62. Be2 Kf4 63. Kh2 Bb4 64. Kg2 Bc3 65. Kf1 Bb4 66.
Bd1 Bd2 67. Kg1 Bb4 68. Kg2 Bd2 69. Bf3 Bb4 70. Be2 Bd2 71. Kh3 Be1 72. Bd3 Kg5
1/2-1/2

[Event "Oslo Chess International - Håvard Vederhus' memorial"]
[Site "Ullevaal Stadion"]
[Date "2013.09.29"]
[Round "7"]
[White "Schoellmann, Jochen"]
[Black "Devereaux, Maxim L"]
[Result "1-0"]
[WhiteElo "2268"]
[BlackElo "2369"]
[PlyCount "163"]
[EventDate "2013.??.??"]

1. d4 Nf6 2. c4 e6 3. Nc3 Bb4 4. e3 O-O 5. Nge2 c6 6. a3 Ba5 7. Ng3 d5 8. Qc2
Re8 9. Bd3 Nbd7 10. O-O dxc4 11. Bxc4 Bc7 12. Rd1 b5 13. Be2 a6 14. f4 Bb6 15.
Bf3 Bb7 16. Bd2 Qb8 17. b4 Nd5 18. Nge4 f5 19. Nf2 Bc7 20. Nd3 Bd6 21. Ne5 N7f6
22. Kh1 Re7 23. Rg1 Qc7 24. Qd3 Rd8 25. Qe2 Nxc3 26. Bxc3 Rf8 27. Rac1 Ne4 28.
Be1 Qc8 29. Rc2 Rc7 30. Nd3 Nf6 31. Bh4 Nd5 32. Nc5 Re8 33. g4 Ba8 34. Qd3 Kh8
35. Bg3 Nf6 36. Bh4 Nd5 37. Bg3 Nf6 38. h3 Nd5 39. Kh2 Rf8 40. Bh1 Nf6 41. Bf3
Nd5 42. Rgc1 Rff7 43. Bh1 Kg8 44. Bf3 Kh8 45. Bh1 Kg8 46. Rg1 Kh8 47. Qd2 Rf8
48. Nd3 a5 49. e4 fxe4 50. Bxe4 axb4 51. axb4 Qb8 52. f5 Bxg3+ 53. Rxg3 Nf6 54.
Bf3 exf5 55. gxf5 Ra7 56. Ne5 c5 57. bxc5 Be4 58. Rb2 Re7 59. Qf4 Bxf3 60. Rxf3
Nh5 61. Qe4 Rfe8 62. Kg2 Nf6 63. Qf4 b4 64. Nc6 Re2+ 65. Rxe2 Rxe2+ 66. Kf1 Qb5
67. Qb8+ Qxb8 68. Nxb8 Rd2 69. Nc6 Nd5 70. Rb3 Kg8 71. Ke1 Rc2 72. Nxb4 Nxb4
73. Rxb4 Kf7 74. Kd1 Rc3 75. Kd2 Rxh3 76. d5 Rf3 77. c6 Ke7 78. Rb7+ Ke8 79. d6
Rxf5 80. Rb8+ Kf7 81. c7 Rd5+ 82. Ke3
1-0